00800 2200277 4500001002100000005001700021008004100038020001800079035002400097090001800121100002400139245012000163250001100283260002500294300002400319440002800343500002800371650001400399700002000413700002300433850001500456980001500471985000600486999001500492999001500507YOGYA-0209000003547520090227025019.0 ind  a979-431-205-3 0010-020900000035475 a613bCav HlT aCavendish, Marshall aHippocratesbgangguan perilaku anak..cMarshall Cavendish ; alih bahasa, Peter Anugerah ; editor, Handrawan Nadesul aCet. 1 aJakartabArcanc1993 a82 hlmbilusc21 cm aSeri Kesehatan keluarga aJudul asli : Medi-Quest aKesehatan aAnugerah, Peter aNadesul, Handrawan aYOPDYOG(B) a30-09-2006 a2 a94P0052363 a94P0052364